| 000 | 00537nam a2200181Ia 4500 | ||
|---|---|---|---|
| 003 | GCL | ||
| 005 | 20240530103544.0 | ||
| 008 | 140319s9999 xx 000 0 ara d | ||
| 040 |
_aGCL / _cGCL |
||
| 082 | 0 | 4 |
_a973.1 _bت ف |
| 100 | 1 | _aتودوروف، تزفيتان | |
| 245 | 1 | 0 |
_aفتح اريكا مسالة الاخر / _cتودوروف، تزفيتان |
| 300 | _a285 ص | ||
| 650 | 0 | 4 | _aالولايات المتحدة الامريكية |
| 650 | 0 | 4 | _aاكتشافات |
| 700 | 1 | _aبشير السباعى | |
| 942 |
_2ddc _cBK |
||
| 999 |
_c40608 _d40608 |
||